000
00308nam a2200133Ia 4500
005
20251222175933.0
008
251222s9999||||xx |||||||||||||| ||spa||
082
_a
868/P21
100
_a
Palomero, Josep
245
0
_a
Los Secretos de Meissen
250
_a
1ra.ed.
264
_b
Plaza & Janés
942
_c
LIB
999
_c
41088
_d
41088